| 000 | 02970cam a2200361 i 4500 | ||
|---|---|---|---|
| 001 | 17950979 | ||
| 005 | 20161112144721.0 | ||
| 008 | 131121s2014 mdua b 001 0 eng c | ||
| 010 | _a 2013046873 | ||
| 020 | _a978-1-4422-2640-1 (pbk. : alk. paper) | ||
| 040 |
_aNIC/DLC _beng _cNIC _erda _dDLC |
||
| 042 | _apcc | ||
| 043 | _aa------ | ||
| 050 | 0 | 0 |
_aDS35.2 _b.I56 2014 |
| 082 | 0 | 0 |
_aDC 327.5 _22014 _bIn82 |
| 245 | 0 | 0 |
_aInternational relations of Asia / _cedited by David Shambaugh and Michael Yahuda. |
| 250 | _aSecond edition. | ||
| 260 |
_aLanham: _bRowman & Littlefield, _cc2014. |
||
| 300 |
_axxi, 429 pages : _billustrations ; _c24 cm. |
||
| 490 | 0 | _aAsia in world politics | |
| 504 | _aIncludes bibliographical references and index. | ||
| 505 | 0 | _aInternational relations in Asia : a multidimensional analysis / David Shambaugh -- The evolving Asian system : three transformations / Samuel S. Kim -- Thinking theoretically about Asian IR / Amitav Acharya -- The United States in Asia : durable leadership / Robert Sutter -- Europe's role in Asia : distant but involved / Sebastian Bersick -- China's role in Asia : attractive or assertive? / Phillip C. Saunders -- India's role in Asia : a rising regional power / T.V. Paul -- Japan's role in Asia : searching for certainty / Michael Green -- ASEAN and Southeast Asia : remaining relevant / Sheldon W. Simon -- Australia's choices in the Asian century / Hugh White -- Central Asia : the end of the "great game"? / Martha Brill Olcott -- The Korean Peninsula and Northeast Asian stability / Scott Snyder -- The Asian regional economy / Edward J. Lincoln -- Globalization and international relations in Asia / Nayan Chanda -- Security dynamics in East Asia / Ralph A. Cossa -- Looking ahead : a new Asian order? / Michael Yahuda. | |
| 520 | _a"As the world's most dynamic region, Asia embodies explosive economic growth, diverse political systems, vibrant societies, modernizing militaries, cutting-edge technologies, rich cultural traditions amid globalization, and strategic competition among major powers. As a result, international relations in Asia are evolving rapidly. In this fully updated and expanded volume, leading scholars from Asia, Europe, and North America offer the most current and definitive analysis available of Asia's regional relationships. They set developments in Asia in theoretical context, assess the role of leading external and regional powers, and consider the importance of subregional actors and linkages"-- | ||
| 651 | 0 |
_aAsia _xPolitics and government _y21st century. |
|
| 651 | 0 |
_aAsia _xForeign relations. |
|
| 700 | 1 |
_aShambaugh, David L., _eeditor of compilation. |
|
| 700 | 1 |
_aYahuda, Michael B., _eeditor of compilation. |
|
| 700 | 1 | 2 |
_aShambaugh, David L. _tInternational relations in Asia. |
| 365 |
_b5,061.93 _cPhp |
||
| 906 |
_a7 _bcbc _corignew _d1 _eecip _f20 _gy-gencatlg |
||
| 942 |
_2ddc _cDC |
||
| 999 |
_c5604 _d5604 |
||